Pokémon SVOU - Statistics

General Stats
  • This quiz has been taken 10 times
  • The average score is 27 of 54
Answer Stats
Hint Answer % Correct
OU Dondozo
100%
OU Dragapult
80%
OU Dragonite
80%
OU Gholdengo
80%
OU Great Tusk
80%
OU Hatterene
80%
OU Iron Valiant
80%
OU Kingambit
80%
OU Raging Bolt
80%
OU Rillaboom
80%
OU Walking Wake
80%
OU Cinderace
60%
OU Clefable
60%
OU Corviknight
60%
OU Glimmora
60%
OU Gliscor
60%
OU Iron Crown
60%
OU Iron Moth
60%
OU Iron Treads
60%
UUBL Kommo-o
60%
OU Kyurem
60%
OU Landorus-Therian
60%
UUBL Meowscarada
60%
OU Ogerpon-Wellspring
60%
OU Pecharunt
60%
OU Slowking-Galar
60%
OU Ting-Lu
60%
OU Weezing-Galar
60%
OU Zamazenta
60%
OU Ceruledge
40%
OU Darkrai
40%
OU Enamorus
40%
UUBL Garchomp
40%
OU Heatran
40%
UUBL Latias
40%
OU Moltres
40%
UUBL Pelipper
40%
OU Primarina
40%
OU Samurott-Hisui
40%
OU Tornadus-Therian
40%
OU Alomomola
20%
UUBL Blaziken
20%
OU Deoxys-Speed
20%
OU Garganacl
20%
UUBL Iron Boulder
20%
UUBL Iron Hands
20%
UUBL Moltres-Galar
20%
UUBL Okidogi
20%
UUBL Quaquaval
20%
OU Scizor
20%
UUBL Ursaluna
20%
OU Zapdos
20%
UUBL Hoopa-Unbound
0%
UUBL Polteageist
0%
No matching quizzes found
Score Distribution
Percent of People with Each Score
Percentile by Number Answered
Your Score History
You have not taken this quiz